000 01519nac a22003731u 4500
003 EG-ScBUE
005 20220626120850.0
008 200219t2000 enk f d 000 0 eng d
020 _a0198603274 (pbk.)
020 _a9780198603276 (available in Greece only)
040 _aEG-ScBUE
_beng
_erda
_cEG-ScBUE
_dEG-ScBUE
041 0 _aeng
_agrc
082 0 4 _a489.3321
_bPOC
_222
245 0 4 _aThe pocket Oxford Greek dictionary :
_bGreek-English, English-Greek /
_ccompiled by J.T. Pring.
246 3 0 _aOxford Greek dictionary
264 1 _aOxford ;
_aNew York :
_bOxford University Press,
_c[2000]
264 4 _cc2000
300 _axx, 572 pages ;
_c20 cm
336 _2rdacontent
_atext
_btxt
337 _2rdamedia
_aunmediated
_bn
338 _2rdacarrier
_avolume
_bnc
500 _a"A revised edition of The Oxford dictionary of modern Greek."
500 _adistributer: Al-Ahram
650 7 _aGreek language, Modern
_vDictionaries
_xEnglish.
_2BUEsh
650 7 _aEnglish language
_vDictionaries
_xGreek, Modern.
_2BUEsh
651 _2BUEsh
653 _bHHUUEENN
655 _vReading book
_934232
700 1 _aPring, J. T.
_q(Julian Talbot)
_ecompiler.
_938820
856 4 1 _3Table of contents only
_uhttp://www.loc.gov/catdir/enhancements/fy0611/2001268021-t.html
856 4 1 _3Publisher description
_uhttp://www.loc.gov/catdir/enhancements/fy0611/2001268021-d.html
856 4 1 _3Contributor biographical information
_uhttp://www.loc.gov/catdir/enhancements/fy0724/2001268021-b.html
942 _cREFERENCE
_2ddc
999 _c7233
_d7233